Probability models for computer science
Αποθηκεύτηκε σε:
| Κύριος συγγραφέας: | |
|---|---|
| Μορφή: | Βιβλίο |
| Γλώσσα: | English |
| Δημοσίευση: |
San Diego :
Harcourt Academic Press,
c2002.
|
| Θέματα: | |
| Διαθέσιμο Online: | Πίνακας περιεχομένων |
| Ετικέτες: |
Προσθήκη ετικέτας
Δεν υπάρχουν, Καταχωρήστε ετικέτα πρώτοι!
|
MARC
| LEADER | 00000cam a2200000 i 4500 | ||
|---|---|---|---|
| 001 | 1/63806 | ||
| 008 | 041025s2002 cau| ||| |||| ||eng|| | ||
| 020 | |a 0125980515 | ||
| 035 | |l 10074899 | ||
| 040 | |a GR-MyUa |b gre |e AACR2 | ||
| 041 | 0 | |a eng | |
| 082 | 7 | |a 519.2 |2 (22) | |
| 100 | 1 | |a Ross, Sheldon M. | |
| 245 | 1 | 0 | |a Probability models for computer science / |c Sheldon M. Ross. |
| 260 | |a San Diego : |b Harcourt Academic Press, |c c2002. | ||
| 300 | |a xii, 288 σ. ; |c 24 εκ. | ||
| 504 | |a Βιβλιογραφία: σ. 283. Ευρετήριο. | ||
| 650 | 0 | |a Probabilities. | |
| 650 | 0 | |a Computer science |x Mathematics. | |
| 852 | |a INST |b SAMOS |e 20041025 |h 519.2 ROS |p 005300022989 |q 005300022989 |t BK |y 0 | ||
| 852 | |a INST |b SYROS |e 20080109 |h 519.2 ROS |p 005500006770 |q 005500006770 |t BK |y 0 | ||
| 856 | |3 Πίνακας περιεχομένων |u http://www.loc.gov/catdir/toc/fy02/2001089413.html | ||
| 901 | |a BIBL5-2008-1 | ||
| 901 | |a BIBL3-2004-3 | ||
| 920 | |a ΔΙΕΥΡΥΝΣΗ |b ΕΠΕΑΕΚ-ΤΜΠΕΣ |y Σάμος |z 2004-10 | ||
| 922 | |a 5ΕΛΗ |b 200709 |c Βιβλιοθήκη Σύρου |d Glory Book | ||
| 970 | |a Πουρνάρας |b Δημήτρης |z 25/10/2004 | ||